Age management v organizacích : praktické využití a přínosy /

Na minha lista:
Detalhes bibliográficos
Autor principal: Urbancová, Hana (Author)
Formato: Livro
Idioma:tcheco
Publicado em: Praha : Wolters Kluwer, 2017
Edição:1. vyd.
Assuntos:
Tags: Adicionar Tag
Sem tags, seja o primeiro a adicionar uma tag!

MARC

LEADER 00000nam a22000003a 4500
001 0026911
003 SK-STU
005 20171013084825.5
007 ta
008 171013s ----xo-----e------000-0-----d
020 |a 978-80-7552-772-1 
040 |a STU  |b slo 
041 0 |a cze 
044 |a xr 
100 1 |a Urbancová, Hana  |4 aut 
245 1 0 |a Age management v organizacích :  |b praktické využití a přínosy /  |c aut. Hana Urbancová 
250 |a 1. vyd. 
260 |a Praha :  |b Wolters Kluwer,  |c 2017 
300 |a 260 s. 
650 0 7 |a age management 
996 |b 284M087382  |c M*13972-1  |l MMST  |s A  |a 24  |w 0026911_0001